Southville International School and Colleges
Your cart is empty.
  • Cart
  • Lists
    Public lists Eva Luna New books Lux_list list_1
    Your lists Log in to create your own lists
  • Log in to your account
  • Your cookies
  • Search history
Southville International School and Colleges
  • Advanced search
  • Recent comments
  • Most popular
  • Libraries

Log in to your account

Log in with GOOGLE


If you do not have an external account, but do have a local account, you can still log in:

  1. Home
  2. MARC view: Surat sug :
Normal view MARC view ISBD view

Surat sug : (Record no. 118249)

[ view plain ]
MARC details
000 -LEADER
fixed length control field 00595nam a2200193Ia 4500
003 - CONTROL NUMBER IDENTIFIER
control field SISC
005 - DATE AND TIME OF LATEST TRANSACTION
control field 20191121122919.0
008 - FIXED-LENGTH DATA ELEMENTS--GENERAL INFORMATION
fixed length control field 140609s9999 xx 000 0 und d
020 ## - INTERNATIONAL STANDARD BOOK NUMBER
International Standard Book Number 971538191x
050 ## - LIBRARY OF CONGRESS CALL NUMBER
Classification number DS 688.S9
Item number .T161 2005
100 ## - MAIN ENTRY--PERSONAL NAME
Personal name Tan, Samuel K.
245 ## - TITLE STATEMENT
Title Surat sug :
Remainder of title letters of the Sultanate of Sulu /
Statement of responsibility, etc Samuel K. Tan,
260 ## - PUBLICATION, DISTRIBUTION, ETC. (IMPRINT)
Place of publication, distribution, etc Manila, Philippines :
Name of publisher, distributor, etc National Historical Institute,
Date of publication, distribution, etc 2005.
300 ## - PHYSICAL DESCRIPTION
Extent 282 p. :
Other physical details ill. ;
Dimensions 24 cm.
500 ## - GENERAL NOTE
General note vol. II
650 ## - SUBJECT ADDED ENTRY--TOPICAL TERM
Topical term or geographic name as entry element Sulu Archipelago (Philippines)
General subdivision History -- Sources.
942 ## - ADDED ENTRY ELEMENTS (KOHA)
Call number prefix Local
Koha item type Books
Source of classification or shelving scheme Library of Congress Classification
Holdings
Withdrawn status Lost status Damaged status Home library Current library Shelving location Date acquired Cost, normal purchase price Total Checkouts Full call number Barcode Date last seen Price effective from Koha item type
      College Library College Library Filipiniana Section 06/09/2014 750.00   DS 688.S9 .T161 2005 C18537 05/08/2018 06/09/2014 Books

Surat sug :

APA

Tan S. K., . (2005). Surat sug. Manila, Philippines: National Historical Institute.

Chicago

Tan Samuel K, . 2005. Surat sug. Manila, Philippines: National Historical Institute.

Harvard

Tan S. K., . (2005). Surat sug. Manila, Philippines: National Historical Institute.

MLA

Tan Samuel K, . Surat sug. Manila, Philippines: National Historical Institute. 2005.

  • Place hold
  • Print
  • Cite
  • Add to your cart (remove)
  • Save record
    BIBTEX Dublin Core MARCXML MARC (non-Unicode/MARC-8) MARC (Unicode/UTF-8) MARC (Unicode/UTF-8, Standard) MODS (XML) RIS
  • More searches
    Search for this title in:
    Other Libraries (WorldCat) Other Databases (Google Scholar) Online Stores (Bookfinder.com) Open Library (openlibrary.org)

Exporting to Dublin Core...

SOUTHVILLE LIBRARY

Southville International School and Colleges Library

1281 Tropical Ave. Cor. Luxembourg St., BF Homes International, Las Pinas City

Tel. No. 8256374 / 252358 Loc. 117/146

Powered by Koha